Ukrajinika v čechoslovackij presi /Ukrajiniká v československej tlači./

Bibliographic Details
Format: Article
Language:Ukrainian
Subjects:

MARC

LEADER 00000nab a2200000 a 4500
001 vtls000255419
003 SK-MaSNL
005 20260305043149.0
008 180130c1986 xo 0 ukr
015 |a SNBRB19rr/mm-uuuuu 
035 |a CL0265533 
040 |a SNKBUCL  |b slo  |c SNKBUCL  |e AACR2 
041 0 |a ukr 
044 |a xo  |c SK 
080 |a 323.1(=83)  |2 1981 
245 0 0 |a Ukrajinika v čechoslovackij presi  |b /Ukrajiniká v československej tlači./ 
650 0 7 |a Ukrajinci  |2 snkbucl  |9 19025 
650 0 7 |a tlač československá  |2 snkbucl  |9 937674 
655 7 |a články z novín a časopisov  |2 snkbucl  |9 267496 
773 0 |t Nove žyttja  |g Roč. 36, č. 24 (13. 6. 1986), s. 2 
850 |a Slovenská národná knižnica v Martine  |a MTA001 
852 |a SNK  |b KIS3GCP 
958 |a RK 
958 |a UK 
992 |a RBX 
999 |c 3352370  |d 3354300